00000000nem##2200000za#4500
0019.681473
003CaOODSP
00520200401053608
007aj |a|||
008150407|2001||||xxc||||   a##f  |   fre|d
020 |a0-662-85714-3
040 |aCaOODSP|bfre
043 |an-cn---
0861 |aD82-60/2001F
1101 |aCanada.|bProtection civile Canada.
24510|aLes catastrophes naturelles du Canada : |h[document cartographique]|bune cartographie historique des désastres naturels importants
260 |aOttawa - Ontario : |bProtection civile Canada |c2001.
590 |a01-18|b2001-05-04
69107|aInondation|2gcpds
69107|aTremblement de terre|2gcpds
69107|aTempête|2gcpds
69107|aGlissement de terrain|2gcpds
77508|tNatural hazards of Canada : |w(CaOODSP)9.648122
7760#|tLes catastrophes naturelles du Canada : |w(CaOODSP)9.639150